000 01078nam a2200253Ma 4500
001 garyplayersgolfs00play
003 CaSfIA
005 20210118085321.0
007 cr||||
008 070427s1964 enk 001 0 und d
040 _aSZT
_cSZT
_dCaSfIA
035 _a(OCoLC)123641209
100 1 _aPlayer, Gary.
245 1 0 _aGary Player's golf secrets.
_h[electronic resource]
260 _aLondon :
_bPelham,
_c1964.
300 _a125p. :
_bill.
029 1 _aNZ1
_b7075351
029 1 _aAU@
_b000003366104
856 4 1 _uhttp://www.archive.org/details/garyplayersgolfs00play
_zFree eBook from the Internet Archive
856 4 2 _uhttp://www.openlibrary.org/books/OL24207997M
_zAdditional information and access via Open Library
942 _cEB
506 _fНеобхідна авторизація на https://archive.org/ (створення облікового запису безкоштовно)
506 _fНеобхідна авторизація на https://openlibrary.org/ (створення облікового запису безкоштовно)
999 _c500205
_d500205